| 000 | 01082cam a2200241 4500 | ||
|---|---|---|---|
| 001 | WB3806-02 | ||
| 008 | 020214n2002 000 0 eng u | ||
| 035 | _a(Sirsi) u116728 | ||
| 245 | _aJCT standard subcontract form | ||
| 260 | _c2002 | ||
| 490 |
_aContract Journal _v412(6364) 13 February 2002, 4(1) |
||
| 520 | _aThe first JCT standard form of building subcontract is published, replacing the old DOM/1 form. The new JCT standard subcontract for use with JCT98 offers improved payment terms and aims to reduce the scope for disputes and help integrate the subcontractor into the construction team. Lists key points of the new subcontract including clauses on retentions and practical completion. | ||
| 590 | _aWB | ||
| 650 | _aJCT STANDARD FORM OF BUILDING SUBCONTRACT | ||
| 650 | _aDOM/1 | ||
| 650 | _aSTANDARD FORMS OF CONTRACT | ||
| 650 | _aPAYMENT PROVISIONS | ||
| 650 | _aRETENTIONS | ||
| 650 | _aCOMPLETION | ||
| 650 | _aJCT STANDARD FORM OF BUILDING CONTRACT (1998 EDITION) | ||
| 690 | _aBUILDING AND CONSTRUCTION-CONTRACTS-JCT CONTRACTS | ||
| 942 | _n0 | ||
| 999 |
_c69531 _d69531 |
||